Statistiken für Formel 1: Alle Fahrer für MERCEDES

Klicken Sie hier um das Quiz zu spielen!

Allgemein

  • Dieses Quiz wurde 135 mal gespielt
  • Das Durchschnittsergebnis liegt bei 6 aus 12

Antwortstatistiken

SaisonStartsFahrer% Korrekt
2013 -222🇬🇧******Lewis Hamilton
99%
2010 - 2016136🇩🇪*Nico Rosberg
95%
2010 - 201258🇩🇪Michael Schumacher
93%
2017 - 2021101🇫🇮Valtteri Bottas
93%
2020, 2022-45🇬🇧George Russell
83%
1954 - 195512🇦🇷*Juan Manuel Fangio
60%
19557🇬🇧Stirling Moss
21%
1954 - 195511🇩🇪Karl Kling
10%
1954 - 19556🇩🇪Hans Hermann
9%
19552🇮🇹Piero Taruffi
9%
19541🇩🇪Hermann Lang
7%
19551🇫🇷André Simon
3%

Verteilung der Resultate

Perzentil nach korrekt beantworteten Fragen

Anzahl Personen mit jedem Resultat

Ihre Resultats-Entwicklung

Sie haben dieses Quiz noch nicht gespielt